| 000 | 00623nam a22002057a 4500 | ||
|---|---|---|---|
| 003 | OSt | ||
| 005 | 20210818181635.0 | ||
| 008 | 170428s2007 ag gr|||| 001 j spa d | ||
| 020 | _a9789501115499 | ||
| 040 | _bspa | ||
| 041 | _aspa | ||
| 082 | 0 | 4 |
_a863.054 _bC515c |
| 100 | 1 |
_aChéjov, Antón P. _950409 |
|
| 245 | 1 |
_aClásicos de humor _cAntón P. Chéjov ...[et, al] |
|
| 260 |
_aBuenos Aires _bSigmar _c2007 |
||
| 300 |
_a71 páginas _c21 x 14 centímetros |
||
| 490 | _aClásicos juveniles | ||
| 650 | 0 |
_aNarrativa Juvenil _vClásicos _950088 |
|
| 942 |
_2ddc _h863.054 C515c _k863.054 _mC515c |
||
| 999 |
_c11671 _d11671 |
||